000 00577nam a2200217Ia 4500
003 OSt
005 20230327111138.0
008 210423s2008 xx 000 0 und d
020 _a8177581740
040 _cAL
041 _aeng
082 _a337 SHAV
100 _aSHARAN (Vyuptakesh).
_978222
245 _aInternational business: concept environment and strategy.
250 _a2
260 _aNew Delhi
_bZodiac
_c2008
300 _axiv,554
_bPB
365 _b275
_cINR
906 _abusiness: ; concept ; environment ; International ; strategy.
942 _2ddc
_cBK
999 _c156076
_d156076